000 00778cam a22002414a 4500
001 11927565
005 20180312061038.0
008 000302s2001 maua b 001 0 eng
010 _a 00026661
020 _a0801333121
040 _aDLC
_cDLC
_dDLC
041 _aeng
042 _apcc
080 _a519.5024362 WEI
082 0 0 _a519.5024362 WEI
_221
100 1 _a55
101 _aSTA
245 1 0 _aStatistics for social workers /
_cRobert W. Weinbach, Richard M. Grinnell, Jr.
504 _aIncludes bibliographical references (p. 243-244) and index.
906 _a7
_bcbc
_corignew
_d1
_eocip
_f20
_gy-gencatlg
942 _2ddc
_cBK
999 _c44710
_d44710